Genetic programming theory and practice V

Αποθηκεύτηκε σε:
Λεπτομέρειες βιβλιογραφικής εγγραφής
Άλλοι συγγραφείς: Riolo, Rick (Επιμελητής έκδοσης), Soule, Terence (Επιμελητής έκδοσης), Worzel, Bill
Μορφή: Βιβλίο
Γλώσσα:English
Δημοσίευση: New York : Springer, c2008
Θέματα:
Ετικέτες: Προσθήκη ετικέτας
Δεν υπάρχουν, Καταχωρήστε ετικέτα πρώτοι!

MARC

LEADER 00000nam a2200000 i 4500
001 1/82919
008 080417s2008 eng d
020 |a 978-0-387-73607-1 
035 |l 10096789 
040 |a GR-MY-UA  |b gre  |e aacr 
041 0 |a eng 
082 0 |a 006.31  |2 (22) 
245 1 0 |a Genetic programming theory and practice V /  |c Rick Riolo, Terence Soule, Bill Worzel (eds.) 
260 |a New York :   |b Springer,   |c c2008 
300 |a xiv, 279 σ.;  |b εικ.;  |c 25 εκ. 
504 |a Περιλαμβάνει βιβλιογραφικές παραπομπές και ευρετήριο 
650 0 0 |a Genetic programming (Computer science)  |x Congresses. 
700 1 |a Riolo, Rick.  |4 edt 
700 1 |a Soule, Terence.  |4 edt 
700 1 |a Worzel, Bill. 
852 |a INST  |b CHIOS  |e 20080417  |h 006.31 GEN  |p 005200027354  |q 005200027354  |t BK  |y 0 
901 |a BIBL2-2008-1 
909 |a Χ  |b 151830 
922 |a 2ΕΛΗ  |b 200803  |c ΕΠΕΑΕΚ2/ΤΜΟΔ  |d ΕΛΕΥΘΕΡΟΥΔΑΚΗΣ 
970 |a ΒΑΡΦΗΣ  |b ΒΑΓΓΕΛΗΣ  |z 2008/04/17